Pre natal testing for Down's syndrome
Saved in:
| Format: | Bog |
|---|---|
| Sprog: | engelsk |
| Udgivet: |
Londres
Down's Synfrome Association
1996
|
| Fag: | |
| Tags: |
Tilføj Tag
Ingen Tags, Vær først til at tagge denne postø!
|
MARC
| LEADER | 00000nam a2200000 a 4500 | ||
|---|---|---|---|
| 001 | UCR5965 | ||
| 003 | CL-VaPUC | ||
| 008 | 980403e19960000UK |||||||||||||||||eng|d | ||
| 082 | 0 | 4 | |a 616.858 |b PRE |2 21 |
| 245 | 1 | 0 | |a Pre natal testing for Down's syndrome |
| 300 | |a 8 p | ||
| 942 | |c BK | ||
| 945 | |d 19980403 00:00:00 |a rleighto | ||
| 260 | |a Londres |b Down's Synfrome Association |c 1996 | ||
| 650 | 0 | |a Síndrome de Down |9 309553 | |
| 650 | 7 | |a NIÑOS MINUSVALIDOS |2 CL-VaPUC |9 309747 | |
| 650 | 0 | |a Desarrollo del niño |9 336460 | |
| 583 | |a last modification |c 19980403 00:00:00 |k Rodrigo Vera | ||
| 999 | |c 268302 |d 268300 | ||
| 952 | |0 0 |1 0 |4 0 |6 616_858000000000000_PRE_1996 |7 0 |8 P |9 301327 |a BIBEDU |b BIBEDU |c BIBEDU_PB |d 2019-11-20 |i 3405060 |o 616.858 PRE 1996 |p 3405060 |r 2019-11-20 |w 2019-11-20 |y BK |k EPE | ||